000 01192nam a2200241 i 4500
001 164554
003 ES-MaACL
005 20230906212947.0
008 981022s1900 sp |||| | spa d
100 1 _aSánchez de Arévalo, Rodrigo.
_9102569
245 1 0 _aVerjel de los príncipes
_b: códice del siglo XV /
_cpor Ruy Sánchez de Arévalo ; [editor literario Francisco R. de Uhagón].
260 _aMadrid :
_b[s.n.],
_c1900 (
_fOficina Tip. de la Viuda e Hijos de Tello)
300 _aXVI, 78 p. ;
_c24 cm.
530 _aDisponible en formato digital.
594 _aSegún Palau, publicado por D. Francisco R. Uhagón, a expensas de D. Manuel Pérez Guzmán y Boza, marqués de Jerez de los Caballeros.
596 _aColofón.
597 _aPort. a dos tíntas.
650 _aEducación de príncipes-
_vObras anteriores a 1800.
_9141555
700 1 _aLaurencín, Francisco Rafael de Uhagón
_c, Marqués de.
_970617
700 1 _aPérez de Guzmán y Boza, Manuel,
_cMarqués de Jerez de los Caballeros.
_9128298
852 _aES-MaACL
_jB-4839
_z- Enc. hol.
856 _uhttp://bibliotecadigital.jcyl.es/es/consulta/registro.do?id=2021
_zBiblioteca Digital de Castilla y León
999 _c164554
_d164554